| 000 | 00761nam a2200193 4500 | ||
|---|---|---|---|
| 001 | 109260 | ||
| 003 | ES-MaACL | ||
| 005 | 20230906184817.0 | ||
| 007 | t| | ||
| 008 | 061121s1912 sp r ||||1| spa d | ||
| 100 | 1 |
_aOliveras Massó, Claudio. _986864 |
|
| 245 | 1 | 4 |
_aLos vinos de 1911 naturales de las comarcas de Requena, Utiel y Siete Aguas / _cpor Claudio Oliveras Massó. |
| 260 |
_aReus : _b[s.n.], _c1912 ( _fTalleres Gráficas Eduardo Navas) |
||
| 300 |
_a80 p., ; _c23 cm. |
||
| 594 | _aPrecede al tít.: Ministerio de Fomento, Dirección General de Agricultura, Minas y Montes, Estación Enológica de Reus. | ||
| 650 | 4 |
_aVinos- _zTarragona (Provincia) _9149466 |
|
| 710 | 0 |
_aEstación Enológica de Reus. _94014 |
|
| 852 |
_aES-MaACL _jT-1351-F-13 |
||
| 999 |
_c109260 _d109260 |
||